00728 2200241 4500001002100000005001700021008004100038020002200079035002500101040001200126082002300138084002300161090002300184100004400207245010700251250001100358260003300369300002100402650001000423700001900433850001200452990002200464INLIS00000000000307420150526154952.0  a978-602-255-313-7 a0010-041500000000140 aYOPDYOG aDEP 297.3822 Muh S aDEP 297.3822 Muh S aDEP 297.3822 Muh S aMUHAMMAD YUSUF BIN ABDURRAHMAN , 1961 - aShalat berjamaah itu pelimpah rezeki !!! /cH. Muhammad Yusuf bin Abdurrahman ; editor, AH. Zain Malik aCet. 3 aYogyakartabDiva Pressc2013 a198 hlm.;b20 cm aSalat aZain Malik, AH aYOPDYOG aCB-D.11-2013-1706